[Event "55th World U20 ch"]
[Site "Bhubaneswar IND"]
[Date "2016.08.08"]
[Round "1.1"]
[White "Artemiev, Vladislav"]
[Black "Viennot, Dylan"]
[Result "1-0"]
[WhiteElo "2665"]
[BlackElo "2342"]
[EventDate "2016.08.08"]
[PlyCount "99"]

1.Nf3 d5 2.d4 e6 3.c4 Nf6 4.g3 dxc4 5.Bg2 Nc6 6.O-O Rb8 7.e3 b5 8.b3 cxb3 
9.axb3 Bb7 10.Qe2 a6 11.Bd2 Ne4 12.Be1 Bd6 13.Qc2 f5 14.Rxa6 Nb4 15.Bxb4 
Bxa6 16.Qc6+ Qd7 17.Qxa6 Bxb4 18.Ne5 Rb6 19.Qa8+ Qd8 20.Qxd8+ Kxd8 21.Nf7+
Ke7 22.Nxh8 Nc3 23.Nxc3 Bxc3 24.Rc1 b4 25.Rc2 Ra6 26.Bf1 Ra8 27.f4 Rxh8 
28.Ra2 Rb8 29.Bc4 h6 30.Kf2 Rb7 31.Ra5 Rb6 32.Kf3 g6 33.h3 h5 34.g4 hxg4+ 
35.hxg4 Rb8 36.Ra6 Rb6 37.Ra8 Bd2 38.g5 Rb7 39.Rg8 Kf7 40.Rh8 Ra7 41.Rh7+ 
Kg8 42.Re7 Ra2 43.Rxe6 Kg7 44.Re7+ Kf8 45.Rxc7 Be1 46.e4 Rf2+ 47.Ke3 fxe4 
48.Rf7+ Kg8 49.Ra7+ Kf8 50.Ra1 1-0

[Event "55th World U20 ch"]
[Site "Bhubaneswar IND"]
[Date "2016.08.08"]
[Round "1.3"]
[White "Alexeenko, Kiril"]
[Black "Grandadam, Patrik"]
[Result "1-0"]
[WhiteElo "2582"]
[BlackElo "2325"]
[EventDate "2016.08.08"]
[PlyCount "59"]

1.e4 c5 2.Nf3 e6 3.d4 cxd4 4.Nxd4 Nc6 5.Nc3 Qc7 6.Be2 a6 7.O-O Nf6 8.Be3 
Bb4 9.Na4 O-O 10.c4 Be7 11.Nc3 Bb4 12.Na4 Be7 13.Rc1 Nxe4 14.c5 Rd8 15.Qb3
Nd2 16.Bxd2 Nxd4 17.Qd3 Nxe2+ 18.Qxe2 a5 19.Nb6 Ra6 20.Be3 f5 21.Rfd1 Bf6 
22.g3 Qc6 23.b3 Rf8 24.Bf4 d5 25.cxd6 Qxb6 26.Rxc8 Bd8 27.Qxe6+ Kh8 28.Be3
Qb4 29.Qf7 Rg8 30.Bd4 1-0

[Event "55th World U20 ch"]
[Site "Bhubaneswar IND"]
[Date "2016.08.08"]
[Round "1.4"]
[White "Rydstrom, Tom"]
[Black "Maghsoodloo, Parham"]
[Result "1/2-1/2"]
[WhiteElo "2315"]
[BlackElo "2576"]
[EventDate "2016.08.08"]
[PlyCount "108"]

1.e4 c5 2.Nf3 e6 3.d4 cxd4 4.Nxd4 a6 5.Bd3 Bc5 6.Nb3 Be7 7.Qg4 g6 8.Qe2 d6
9.Be3 Nd7 10.N1d2 Ngf6 11.O-O-O b5 12.f4 Bb7 13.g4 e5 14.f5 gxf5 15.gxf5 
Rc8 16.Rhg1 Qc7 17.Kb1 Nb6 18.Bh6 Nc4 19.Bg7 Rg8 20.Bxf6 Rxg1 21.Rxg1 
Nxd2+ 22.Nxd2 Bxf6 23.Rg8+ Ke7 24.Rxc8 Qxc8 25.c4 Bg5 26.cxb5 axb5 27.a3 
Bf4 28.Bxb5 Bxd2 29.Qxd2 Bxe4+ 30.Bd3 Qxf5 31.Bxe4 Qxe4+ 32.Ka2 d5 33.b4 
d4 34.Kb2 Qf4 35.Qxf4 exf4 36.Kc2 Kd6 37.Kd3 f3 38.a4 Kc6 39.Kd2 f5 40.Kd3
f4 41.a5 Kb5 42.Kd2 h5 43.h4 f2 44.Ke2 d3+ 45.Kxf2 Kxb4 46.a6 d2 47.a7 
d1=Q 48.a8=Q Qd2+ 49.Kf1 Qd3+ 50.Kf2 Qe3+ 51.Kf1 f3 52.Qa4+ Kc3 53.Qc4+ 
Kd2 54.Qc2+ Kxc2 1/2-1/2

[Event "55th World U20 ch"]
[Site "Bhubaneswar IND"]
[Date "2016.08.08"]
[Round "1.5"]
[White "Wagner, Dennis"]
[Black "Karthik, Venkataraman"]
[Result "1-0"]
[WhiteElo "2572"]
[BlackElo "2305"]
[EventDate "2016.08.08"]
[PlyCount "89"]

1.d4 Nf6 2.c4 e6 3.Nf3 b6 4.g3 Bb7 5.Bg2 Bb4+ 6.Bd2 Be7 7.O-O O-O 8.Nc3 c6
9.Qc2 d5 10.b3 Na6 11.Rad1 h6 12.Qb1 Rc8 13.e4 Bb4 14.e5 Nd7 15.cxd5 exd5 
16.Nh4 Nc7 17.Nf5 a5 18.Rfe1 Ne6 19.Qd3 Re8 20.Qf3 Bf8 21.Qh5 Nb8 22.Bc1 
Rc7 23.Qg4 Kh8 24.Bb2 Na6 25.Ne3 Rd7 26.f4 c5 27.Ne2 Nb4 28.f5 Ng5 29.Nf4 
Ne4 30.e6 Rc7 31.Bxe4 dxe4 32.d5 fxe6 33.Nxe6 Rxe6 34.fxe6 Nd3 35.Qxe4 
Nxb2 36.Rd2 Be7 37.Rxb2 Bf6 38.Rf2 Bd4 39.Rd1 Qd6 40.a3 Rc8 41.b4 axb4 42.
axb4 Rd8 43.Rxd4 cxd4 44.Qxd4 Qxe6 45.Rf8+ 1-0

[Event "55th World U20 ch"]
[Site "Bhubaneswar IND"]
[Date "2016.08.08"]
[Round "1.6"]
[White "Arjun, Kalyan"]
[Black "Svane, Rasmus"]
[Result "0-1"]
[WhiteElo "2292"]
[BlackElo "2546"]
[EventDate "2016.08.08"]
[PlyCount "58"]

1.e4 e6 2.d4 d5 3.Nc3 Nf6 4.Bg5 dxe4 5.Nxe4 Be7 6.Bxf6 gxf6 7.Nf3 f5 8.Nc3
Qd6 9.Ne5 Bf6 10.Nb5 Qe7 11.Qe2 c5 12.O-O-O a6 13.Nc3 cxd4 14.Rxd4 Nd7 15.
f4 Nxe5 16.fxe5 Qc5 17.Rd3 Qxe5 18.Qd1 b5 19.Be2 Ra7 20.a3 Rc7 21.g3 Qc5 
22.g4 b4 23.axb4 Qxb4 24.gxf5 Rb7 25.Kd2 Qf4+ 26.Ke1 Bh4+ 27.Rg3 Bxg3+ 28.
hxg3 Qxg3+ 29.Kf1 Rb4 0-1

[Event "55th World U20 ch"]
[Site "Bhubaneswar IND"]
[Date "2016.08.08"]
[Round "1.7"]
[White "Aravindh, Chithambaram"]
[Black "Krishna Teja, N."]
[Result "1-0"]
[WhiteElo "2543"]
[BlackElo "2282"]
[EventDate "2016.08.08"]
[PlyCount "123"]

1.e4 e6 2.d4 d5 3.Nd2 dxe4 4.Nxe4 Bd7 5.Nf3 Bc6 6.Bd3 Nd7 7.c3 Ngf6 8.
Nxf6+ Nxf6 9.Bf4 Bxf3 10.Qxf3 c6 11.O-O Bd6 12.Be5 Bxe5 13.dxe5 Nd7 14.Qg3
g6 15.Rfe1 Qc7 16.Rad1 O-O-O 17.Bf1 Nb6 18.Rd6 Kb8 19.Red1 Nc8 20.b4 a5 
21.a3 axb4 22.axb4 Nxd6 23.exd6 Qb6 24.Qe5 Rhg8 25.b5 cxb5 26.d7+ Qc7 27.
Qxb5 f6 28.Qa4 Rg7 29.Bb5 Qxc3 30.g3 e5 31.Rd3 Qc5 32.Rb3 Qc2 33.Kg2 Qc5 
34.Rd3 f5 35.Rd2 Re7 36.Qb3 e4 37.Rc2 Qd6 38.Qc3 Rexd7 39.Bxd7 Qxd7 40.
Qe5+ Qd6 41.Qg7 h5 42.h4 f4 43.Rb2 f3+ 44.Kh2 Qd5 45.Qxg6 Qd4 46.Qg5 b6 
47.Rc2 Rc8 48.Rd2 Qc4 49.Qxh5 Kb7 50.Qe5 Rc5 51.Qe7+ Ka6 52.Qe8 Rc8 53.Qd7
Rc7 54.Qf5 Rf7 55.Qe5 Ka7 56.Qa1+ Kb7 57.Rd8 b5 58.Qa8+ Kb6 59.Rd6+ Kc5 
60.Rc6+ Kd4 61.Qd8+ Kc3 62.Qe8 1-0

[Event "55th World U20 ch"]
[Site "Bhubaneswar IND"]
[Date "2016.08.08"]
[Round "1.8"]
[White "Gajwa, Ankit"]
[Black "Henriquez Villagra, Cristobal"]
[Result "1/2-1/2"]
[WhiteElo "2282"]
[BlackElo "2520"]
[EventDate "2016.08.08"]
[PlyCount "87"]

1.e4 c5 2.Nf3 d6 3.d4 cxd4 4.Nxd4 Nf6 5.Nc3 Nc6 6.Bg5 Bd7 7.Qd2 h6 8.Bxf6 
gxf6 9.O-O-O Nxd4 10.Qxd4 Qa5 11.f4 Rc8 12.Kb1 Qc5 13.Qd3 Bg7 14.f5 h5 15.
Qf3 Bc6 16.Bb5 Kf8 17.Bxc6 bxc6 18.e5 d5 19.e6 Rb8 20.Ne2 Bh6 21.exf7 Qe3 
22.Qxh5 Rb4 23.c3 Bg7 24.Qf3 Qxf3 25.gxf3 Rb6 26.Nf4 Kxf7 27.h4 Bh6 28.Ne6
Rhb8 29.b3 Rg8 30.Rhg1 Rbb8 31.h5 Rxg1 32.Rxg1 Rh8 33.f4 Bf8 34.Rh1 Bh6 
35.Rg1 Bf8 36.Nd8+ Ke8 37.Nxc6 Rxh5 38.Nd4 Kf7 39.b4 Bh6 40.Rf1 Rh4 41.Ne6
Rh5 42.Nd4 Rh4 43.Nc6 Rh5 44.Re1 1/2-1/2

[Event "55th World U20 ch"]
[Site "Bhubaneswar IND"]
[Date "2016.08.08"]
[Round "1.9"]
[White "Xu Yinglun"]
[Black "Rahul Srivatshav, P."]
[Result "1-0"]
[WhiteElo "2516"]
[BlackElo "2280"]
[EventDate "2016.08.08"]
[PlyCount "67"]

1.d4 Nf6 2.c4 g6 3.Nc3 Bg7 4.e4 d6 5.Nf3 O-O 6.Be2 e5 7.O-O Nc6 8.d5 Ne7 
9.Bg5 h6 10.Bd2 Nd7 11.Qc1 Kh7 12.Qc2 f5 13.exf5 gxf5 14.Nh4 Kg8 15.g3 f4 
16.Kh1 Nc5 17.b4 Na6 18.Ne4 Nf5 19.Nf3 Nd4 20.Nxd4 exd4 21.gxf4 Bf5 22.Rg1
Rf7 23.Bh5 Rd7 24.Bg6 Qf8 25.Nf6+ Qxf6 26.Bxf5 Re7 27.Be6+ Kh8 28.Qd3 c5 
29.a3 Nc7 30.Rg6 Qh4 31.f5 Ne8 32.Bxh6 Qxh6 33.Rxh6+ Bxh6 34.Rg1 1-0

[Event "55th World U20 ch"]
[Site "Bhubaneswar IND"]
[Date "2016.08.08"]
[Round "1.10"]
[White "Dhulipalla, Bala Chandra Prasad"]
[Black "Narayanan, Sunilduth Lyna"]
[Result "0-1"]
[WhiteElo "2276"]
[BlackElo "2515"]
[EventDate "2016.08.08"]
[PlyCount "128"]

1.d4 Nf6 2.Bf4 d5 3.e3 c5 4.c3 Nc6 5.Nf3 Qb6 6.Qc2 g6 7.Nbd2 Bg7 8.h3 O-O 
9.Qb3 c4 10.Qxb6 axb6 11.a3 b5 12.Rc1 Nd7 13.Be2 f6 14.O-O e5 15.Bh2 Nb6 
16.Bd1 Be6 17.Bc2 Rfe8 18.Ne1 g5 19.f3 Bf7 20.Rf2 Re7 21.g4 Na4 22.Bxa4 
bxa4 23.Nc2 Rae8 24.Nf1 Bg6 25.dxe5 fxe5 26.Rd1 d4 27.e4 Rd8 28.Rfd2 Na5 
29.Nfe3 Nb3 30.Rf2 Rc8 31.Nf5 Bxf5 32.gxf5 Rd7 33.Nb4 Rcd8 34.Nd5 Rxd5 35.
exd5 Rxd5 36.Rg2 h6 37.h4 Bf6 38.hxg5 hxg5 39.Kf1 Nc5 40.Rgd2 Nd3 41.Bg1 
Rb5 42.cxd4 exd4 43.Rc2 Nxb2 44.Rxd4 Bxd4 45.Bxd4 Nd3 46.Rxc4 Rxf5 47.Ke2 
Nf4+ 48.Ke3 Ng2+ 49.Ke4 Rf4+ 50.Ke5 Nh4 51.Rc8+ Kh7 52.Rc7+ Kg6 53.Be3 
Nxf3+ 54.Kd5 Rf7 55.Rc4 Rd7+ 56.Ke4 Nd2+ 57.Bxd2 Rxd2 58.Rxa4 Rf2 59.Ke3 
Rf7 60.Rb4 Kh5 61.Rb1 g4 62.Rh1+ Kg5 63.Rh8 g3 64.Rg8+ Kh4 0-1

[Event "55th World U20 ch"]
[Site "Bhubaneswar IND"]
[Date "2016.08.08"]
[Round "1.11"]
[White "Karthikeyan, Murali"]
[Black "Ivic, Velimir"]
[Result "1-0"]
[WhiteElo "2514"]
[BlackElo "2270"]
[EventDate "2016.08.08"]
[PlyCount "89"]

1.e4 c5 2.Nf3 Nc6 3.Bb5 d6 4.O-O Bd7 5.Re1 Nf6 6.c3 a6 7.Ba4 b5 8.Bc2 e5 
9.h3 Be7 10.d4 O-O 11.Nbd2 Qc7 12.d5 Na5 13.b3 c4 14.b4 Nb7 15.Nf1 a5 16.
Ng3 g6 17.Bh6 Rfe8 18.a3 Ra6 19.Qd2 Rea8 20.Rac1 axb4 21.axb4 Kh8 22.Nh2 
Ra2 23.Be3 Ng8 24.f4 Bh4 25.Qf2 Nf6 26.fxe5 dxe5 27.Qf3 Qd6 28.Rf1 Rb2 29.
Ne2 Raa2 30.Bb1 Rxe2 31.Bxa2 Rxa2 32.Ra1 Qa6 33.Rxa2 Qxa2 34.g3 Nd6 35.
gxh4 Nfxe4 36.Ng4 Bf5 37.Nxe5 Nxc3 38.Nxf7+ Nxf7 39.Bd4+ Kg8 40.Bxc3 Nd6 
41.Ra1 Qc2 42.Qe3 Qe4 43.Ra8+ Kf7 44.Qa7+ Qe7 45.Qd4 1-0

[Event "55th World U20 ch"]
[Site "Bhubaneswar IND"]
[Date "2016.08.08"]
[Round "1.12"]
[White "Yogit, S."]
[Black "Gagare, Shardul"]
[Result "0-1"]
[WhiteElo "2270"]
[BlackElo "2486"]
[EventDate "2016.08.08"]
[PlyCount "72"]

1.e4 e6 2.d4 d5 3.Nc3 Nf6 4.e5 Nfd7 5.f4 c5 6.Nf3 Nc6 7.Be3 Be7 8.Qd2 O-O 
9.Qf2 f6 10.exf6 Nxf6 11.h3 Nh5 12.O-O-O cxd4 13.Nxd4 Nxf4 14.Qg1 a6 15.h4
Qd6 16.g3 Nh5 17.Nde2 Nf6 18.g4 Nd7 19.Ng3 Qb4 20.Be2 Bc5 21.Bxc5 Nxc5 22.
a3 Qf4+ 23.Kb1 Qf2 24.g5 b5 25.Bg4 Ne5 26.Bh3 Qxg1 27.Rhxg1 Nf3 28.Rh1 d4 
29.Nce4 Nxe4 30.Nxe4 e5 31.Bg2 Bb7 32.Nc5 Bc6 33.Rh3 Rac8 34.Ne6 Rf7 35.
Bxf3 Bxf3 36.Re1 Bg4 0-1

[Event "55th World U20 ch"]
[Site "Bhubaneswar IND"]
[Date "2016.08.08"]
[Round "1.13"]
[White "Lorparizangeneh, Shahin"]
[Black "Ranjan Sahoo, Utkal"]
[Result "0-1"]
[WhiteElo "2478"]
[BlackElo "2266"]
[EventDate "2016.08.08"]
[PlyCount "122"]

1.Nf3 d5 2.g3 Nf6 3.Bg2 c6 4.c4 e6 5.O-O Nbd7 6.d4 Be7 7.Nc3 O-O 8.Nd2 b6 
9.e4 dxc4 10.Nxc4 Ba6 11.b3 b5 12.Ne3 b4 13.Ne2 Nb6 14.Re1 Rc8 15.Nf4 Qc7 
16.Bb2 Rfd8 17.Qc2 Qb8 18.Rad1 Nfd7 19.e5 Nd5 20.Nfxd5 cxd5 21.Qb1 Nf8 22.
h4 Rc7 23.h5 h6 24.f4 Bb5 25.Kh2 a5 26.Rd2 a4 27.Rf2 Qb6 28.Qd1 a3 29.Bc1 
Rdc8 30.Rc2 Rxc2 31.Nxc2 Qc7 32.Ne3 Qc3 33.Bf1 Bxf1 34.Nxf1 Qc2+ 35.Qd2 
Qf5 36.Kg1 Qxh5 37.Qd3 Rc3 38.Qb5 Rc2 39.Bd2 Ng6 40.Rc1 Rxa2 41.Qe8+ Bf8 
42.Rc7 Qe2 43.Qxf7+ Kh7 44.f5 exf5 45.Qxf5 Rxd2 46.Nxd2 Qxd2 47.Qf2 Qd1+ 
48.Kh2 Qxb3 49.Rf7 Qb2 50.Qxb2 axb2 51.Rf1 Ne7 52.Rb1 Nc6 53.Kg2 Nxd4 54.
Rxb2 b3 55.Kf2 Ba3 56.Rb1 b2 57.Ke3 Nb5 58.Kd3 Kg8 59.Kc2 Kf7 60.Kb3 Ke6 
61.Re1 d4 0-1

[Event "55th World U20 ch"]
[Site "Bhubaneswar IND"]
[Date "2016.08.08"]
[Round "1.14"]
[White "Ritviz Bhiva, Parab"]
[Black "Studer, Noel"]
[Result "1/2-1/2"]
[WhiteElo "2259"]
[BlackElo "2477"]
[EventDate "2016.08.08"]
[PlyCount "88"]

1.e4 e6 2.d4 d5 3.Nc3 Nf6 4.Bg5 dxe4 5.Nxe4 Nbd7 6.Nf3 h6 7.Bxf6 Nxf6 8.
Bd3 Nxe4 9.Bxe4 c5 10.c3 cxd4 11.Qxd4 Qxd4 12.Nxd4 Bd7 13.O-O O-O-O 14.
Rfd1 Be7 15.a4 Kb8 16.g3 Bc8 17.a5 a6 18.b4 f5 19.Bg2 Bf6 20.b5 e5 21.Nc2 
axb5 22.Na3 Rxd1+ 23.Rxd1 Bd8 24.Rd5 Bxa5 25.Nxb5 Rd8 26.Rxd8 Bxd8 27.Nd6 
Be6 28.Nxb7 Be7 29.Na5 Kc7 30.Nc6 Bf6 31.Kf1 Kd6 32.Ke2 Kc5 33.Kd2 Bb3 34.
Nb4 Bg5+ 35.f4 exf4 36.Nd3+ Kd6 37.Nxf4 Bf6 38.Bh3 g5 39.Nh5 Be5 40.Bxf5 
Bf7 41.Bg4 Kc5 42.Be2 Bg6 43.h3 Bxh5 44.Bxh5 Bxg3 1/2-1/2

[Event "55th World U20 ch"]
[Site "Bhubaneswar IND"]
[Date "2016.08.08"]
[Round "1.15"]
[White "Tran Tuan Minh"]
[Black "Sammed Jaykumar, Shete"]
[Result "1-0"]
[WhiteElo "2473"]
[BlackElo "2253"]
[EventDate "2016.08.08"]
[PlyCount "97"]

1.d4 Nf6 2.c4 g6 3.Nc3 Bg7 4.e4 d6 5.Bd3 O-O 6.Nge2 Nc6 7.O-O e5 8.d5 Nd4 
9.Nxd4 exd4 10.Ne2 Re8 11.f3 c5 12.Ng3 Rb8 13.a4 b6 14.Rb1 a6 15.Bf4 Qc7 
16.Qd2 Bd7 17.b3 b5 18.axb5 axb5 19.b4 bxc4 20.Bxc4 Qb6 21.Rb2 d3 22.b5 
Ra8 23.Rb3 Ra4 24.Qxd3 Rea8 25.Ne2 Ne8 26.Rfb1 Nc7 27.h3 Ra1 28.Kh2 Rxb1 
29.Rxb1 Ra4 30.Bd2 h5 31.Bc3 Bxc3 32.Nxc3 Rb4 33.Na2 Ra4 34.Qc2 Ra3 35.Nc3
Qa5 36.Rb3 Rxb3 37.Qxb3 Na8 38.e5 Nb6 39.e6 Be8 40.Ne4 Qa1 41.f4 Qd4 42.
Nxd6 Kf8 43.Be2 Nxd5 44.exf7 Bxf7 45.Qc4 Be6 46.b6 Qb2 47.b7 Ke7 48.Nb5 
Nxf4 49.Qxf4 1-0

[Event "55th World U20 ch"]
[Site "Bhubaneswar IND"]
[Date "2016.08.08"]
[Round "1.16"]
[White "Salles, Louis"]
[Black "Gholami, Aryan"]
[Result "0-1"]
[WhiteElo "2235"]
[BlackElo "2461"]
[EventDate "2016.08.08"]
[PlyCount "70"]

1.e4 c5 2.Nf3 e6 3.d4 cxd4 4.Nxd4 a6 5.Nc3 b5 6.a3 Bb7 7.g3 Nc6 8.Nb3 Nf6 
9.Bg2 d6 10.O-O Be7 11.Be3 Ne5 12.Qe2 Qc7 13.f4 Nc4 14.Bc1 O-O 15.g4 d5 
16.e5 Nd7 17.g5 a5 18.Qh5 Qb6+ 19.Kh1 a4 20.Nd2 Ne3 21.Rf3 g6 22.Qh4 Nxg2 
23.Kxg2 h5 24.Qe1 Rfc8 25.Kh3 d4 26.Nce4 Rxc2 27.Rg3 Nc5 28.Nf6+ Kg7 29.
Qd1 d3 30.Qg1 Qc7 31.Nf1 Ne4 32.Nxe4 Bxe4 33.Ne3 Re2 34.Qd1 Bc5 35.Bd2 h4 
0-1

[Event "55th World U20 ch"]
[Site "Bhubaneswar IND"]
[Date "2016.08.08"]
[Round "1.17"]
[White "Basso, Pierluigi"]
[Black "Chakravarthi Reddy, M."]
[Result "1/2-1/2"]
[WhiteElo "2455"]
[BlackElo "2228"]
[EventDate "2016.08.08"]
[PlyCount "121"]

1.d4 d5 2.c4 c6 3.Nc3 Nf6 4.e3 a6 5.Qc2 g6 6.Bd3 Bg7 7.Nf3 O-O 8.O-O b5 9.
b3 Be6 10.c5 a5 11.a3 Nfd7 12.Ng5 Bg4 13.h3 e5 14.e4 exd4 15.Nxb5 cxb5 16.
c6 Nxc6 17.Qxc6 Ne5 18.Qxd5 Qxd5 19.exd5 Nxd3 20.hxg4 Rfd8 21.Ne4 Rxd5 22.
Rd1 Ne5 23.f3 a4 24.bxa4 bxa4 25.Rb1 f5 26.gxf5 gxf5 27.Nf2 Bf8 28.Rb7 Nc4
29.Nd3 Nxa3 30.Nf4 Rb5 31.Rc7 Bd6 32.Rd7 Be5 33.Nd5 Rb1 34.f4 Bg7 35.Kh2 
Nb5 36.Ne7+ Kh8 37.Nxf5 a3 38.Rd3 Rxc1 39.Rg3 Rc7 40.Rxa3 Rac8 41.Rxc7 
Nxc7 42.Rg3 Bf6 43.Nd6 Rf8 44.Rb3 Be7 45.Nc4 Rxf4 46.Rb7 Nd5 47.Rd7 Rf5 
48.g4 Rg5 49.Nd2 Kg8 50.Nf3 Rxg4 51.Rxd5 Bf6 52.Rd7 h5 53.Kh3 Re4 54.Rd5 
h4 55.Rd7 Rf4 56.Kg2 Kf8 57.Kf2 Ke8 58.Rh7 Re4 59.Nd2 Re7 60.Rxe7+ Kxe7 
61.Nf3 1/2-1/2

[Event "55th World U20 ch"]
[Site "Bhubaneswar IND"]
[Date "2016.08.08"]
[Round "1.18"]
[White "Shailesh, Dravid"]
[Black "Nasuta, Grzegorz"]
[Result "1/2-1/2"]
[WhiteElo "2224"]
[BlackElo "2442"]
[EventDate "2016.08.08"]
[PlyCount "80"]

1.e4 c5 2.Nf3 d6 3.d4 cxd4 4.Nxd4 Nf6 5.Nc3 a6 6.Bg5 Nbd7 7.Qe2 h6 8.Bh4 
g6 9.O-O-O e5 10.Nb3 Be7 11.f3 b5 12.Bf2 Bb7 13.g4 b4 14.Nd5 Nxd5 15.exd5 
a5 16.Kb1 Qc7 17.Qc4 Qxc4 18.Bxc4 O-O 19.Nd2 Kh7 20.h4 f5 21.h5 fxg4 22.
hxg6+ Kxg6 23.Be3 Rh8 24.fxg4 Nf6 25.Nf3 Kf7 26.Rhf1 Ba6 27.Bxa6 Rxa6 28.
g5 hxg5 29.Nxg5+ Ke8 30.Ne6 Kd7 31.Ng7 Rg8 32.Nf5 Bd8 33.Rg1 Rxg1 34.Bxg1 
Bb6 35.Bxb6 Rxb6 36.Kc1 Rb8 37.Ne3 Rg8 38.Nc4 Rb8 39.Ne3 Rg8 40.Nc4 Rb8 
1/2-1/2

[Event "55th World U20 ch"]
[Site "Bhubaneswar IND"]
[Date "2016.08.08"]
[Round "1.19"]
[White "Beradze, Irakli"]
[Black "Fan Huifeng"]
[Result "1-0"]
[WhiteElo "2440"]
[BlackElo "2223"]
[EventDate "2016.08.08"]
[PlyCount "81"]

1.Nf3 Nf6 2.g3 d5 3.Bg2 c6 4.d3 Bg4 5.O-O Nbd7 6.h3 Bh5 7.Nbd2 e5 8.e4 
dxe4 9.dxe4 Be7 10.Qe1 Bg6 11.Nh4 O-O 12.Nc4 b5 13.Nxg6 hxg6 14.Na5 Qc7 
15.Bd2 Rfe8 16.c4 Rac8 17.b4 bxc4 18.Nxc4 c5 19.b5 Nb6 20.Ba5 Nfd7 21.Qc3 
Qb8 22.Rfd1 Nxc4 23.Qxc4 Nf8 24.Bf3 Ne6 25.Bg4 Nd4 26.Bxc8 Qxc8 27.Kg2 Qb7
28.f3 Nxb5 29.Rab1 a6 30.a4 Na3 31.Qxf7+ Kxf7 32.Rxb7 Nc4 33.Bd2 Ke6 34.
Kf2 Rc8 35.Bc3 Rh8 36.h4 g5 37.Rdd7 Re8 38.hxg5 Nd6 39.Rxe7+ Rxe7 40.Rxe7+
Kxe7 41.Bxe5 1-0

[Event "55th World U20 ch"]
[Site "Bhubaneswar IND"]
[Date "2016.08.08"]
[Round "1.20"]
[White "Srijit, Paul"]
[Black "Mosadeghpour, Masoud"]
[Result "0-1"]
[WhiteElo "2217"]
[BlackElo "2437"]
[EventDate "2016.08.08"]
[PlyCount "74"]

1.e4 e5 2.Nf3 Nc6 3.Bb5 a6 4.Ba4 Nf6 5.O-O Be7 6.Re1 b5 7.Bb3 O-O 8.c3 d6 
9.h3 Na5 10.Bc2 c5 11.d4 Qc7 12.Nbd2 cxd4 13.cxd4 Bd7 14.Nb3 Nc4 15.Nbd2 
Na5 16.Nb3 Rac8 17.Nxa5 Qxc2 18.Qxc2 Rxc2 19.d5 Rfc8 20.Nd2 Bd8 21.Nb7 Bc7
22.b4 Rb8 23.Na5 Bb6 24.Nab3 Nh5 25.Ba3 Nf4 26.Kf1 Nd3 27.Re2 Rbc8 28.f3 
f5 29.exf5 Bxf5 30.g4 Bg6 31.h4 Nf4 32.Rh2 Bd3+ 33.Ke1 Bg1 34.Rf2 Bc4 35.
Rf1 Ng2+ 36.Kd1 Ne3+ 37.Ke1 Bxf1 0-1

[Event "55th World U20 ch"]
[Site "Bhubaneswar IND"]
[Date "2016.08.08"]
[Round "1.21"]
[White "Visakh, N. R."]
[Black "Squella Lavin, Carlos Felipe"]
[Result "1-0"]
[WhiteElo "2431"]
[BlackElo "2203"]
[EventDate "2016.08.08"]
[PlyCount "39"]

1.c4 Nf6 2.g3 d5 3.cxd5 Qxd5 4.Nf3 c6 5.Bg2 Bg4 6.O-O Nbd7 7.Nc3 Qh5 8.d4 
e6 9.Qb3 Nb6 10.a4 Be7 11.a5 Nbd7 12.Qxb7 O-O 13.Ne5 Rab8 14.Qxa7 Bc5 15.
dxc5 Nxe5 16.Bf4 Rxb2 17.Qc7 Nc4 18.a6 Rb3 19.a7 Na3 20.Qxc6 1-0

[Event "55th World U20 ch"]
[Site "Bhubaneswar IND"]
[Date "2016.08.08"]
[Round "1.23"]
[White "Praggnanandhaa, R."]
[Black "Subhayan, Kundu"]
[Result "1-0"]
[WhiteElo "2429"]
[BlackElo "2189"]
[EventDate "2016.08.08"]
[PlyCount "103"]

1.Nf3 Nf6 2.g3 g6 3.b3 Bg7 4.Bb2 O-O 5.Bg2 d6 6.d4 c6 7.O-O Qc7 8.c4 Re8 
9.Nc3 Bg4 10.Nd2 e5 11.dxe5 dxe5 12.h3 Bf5 13.g4 Be6 14.Nde4 Nxe4 15.Nxe4 
Na6 16.Qd6 Qxd6 17.Nxd6 Re7 18.Rad1 Rd7 19.Ne4 Rad8 20.Rxd7 Rxd7 21.g5 Bf5
22.Nf6+ Bxf6 23.gxf6 e4 24.Bc3 Nc5 25.Kh2 h6 26.h4 Ne6 27.Rc1 Nd4 28.Bf1 
Kh7 29.Kg3 g5 30.hxg5 hxg5 31.Rd1 c5 32.e3 Nc6 33.Rd5 Rxd5 34.cxd5 Nb8 35.
f3 Kg6 36.Bg2 exf3 37.Bxf3 Bb1 38.e4 Nd7 39.e5 b6 40.Bg4 Bf5 41.Bf3 Bb1 
42.Be2 Be4 43.Bb5 Nf8 44.e6 fxe6 45.d6 Kf7 46.d7 Nxd7 47.Bxd7 Bb1 48.a3 a5
49.Kg4 Bc2 50.Kxg5 Bxb3 51.Be5 c4 52.Be8+ 1-0

[Event "55th World U20 ch"]
[Site "Bhubaneswar IND"]
[Date "2016.08.08"]
[Round "1.24"]
[White "Taalaibekov, Tagir"]
[Black "Mousavi, Seyed Khalil"]
[Result "1/2-1/2"]
[WhiteElo "2182"]
[BlackElo "2422"]
[EventDate "2016.08.08"]
[PlyCount "109"]

1.d4 Nf6 2.Nf3 d5 3.c4 e6 4.Nc3 c5 5.Bf4 cxd4 6.Nxd4 Nc6 7.Ndb5 e5 8.cxd5 
exf4 9.dxc6 bxc6 10.Qxd8+ Kxd8 11.O-O-O+ Bd7 12.Nd6 Bxd6 13.Rxd6 Ng4 14.
Nd1 Ke7 15.Rd4 g5 16.f3 Ne5 17.e3 fxe3 18.Nxe3 Be6 19.Nc4 Ng6 20.Na5 c5 
21.Rd2 Ne5 22.Ba6 c4 23.Kc2 Rab8 24.Re1 Kf6 25.Rxe5 Kxe5 26.Nc6+ Kf4 27.
Nxb8 Rxb8 28.Re2 g4 29.Re4+ Kg5 30.Kc3 h5 31.Bxc4 Bxc4 32.Rxc4 Rb7 33.Rc5+
f5 34.Rc4 f4 35.Rc5+ Kg6 36.b4 Re7 37.Kd2 g3 38.Rc6+ Kg5 39.Rc5+ Kg6 40.h4
Rd7+ 41.Ke2 Re7+ 42.Kd3 Re1 43.Rg5+ Kh6 44.Ra5 Re7 45.a4 Kg6 46.Rg5+ Kf6 
47.Rxh5 Re3+ 48.Kd4 Re2 49.Ra5 Rxg2 50.Ra6+ Kf5 51.Ra5+ Kf6 52.Ra6+ Kf5 
53.Ra5+ Kf6 54.Ra6+ Kf5 55.Rxa7 1/2-1/2

[Event "55th World U20 ch"]
[Site "Bhubaneswar IND"]
[Date "2016.08.08"]
[Round "1.25"]
[White "Menezes, Christoph"]
[Black "Papakonstantinou, Dimitrios"]
[Result "1-0"]
[WhiteElo "2408"]
[BlackElo "2180"]
[EventDate "2016.08.08"]
[PlyCount "87"]

1.d4 Nf6 2.c4 g6 3.Nc3 Bg7 4.e4 d6 5.Nf3 O-O 6.h3 Na6 7.Be3 e5 8.d5 Nc5 9.
Nd2 a5 10.g4 c6 11.Be2 Bd7 12.h4 Qb8 13.g5 Ne8 14.h5 Nc7 15.Bxc5 dxc5 16.
Bg4 Qc8 17.Bxd7 Qxd7 18.Qf3 f6 19.hxg6 hxg6 20.gxf6 Rxf6 21.Qh3 Qf7 22.f3 
b5 23.cxb5 Nxb5 24.Nxb5 cxb5 25.a4 Qb7 26.b3 Kf7 27.Qf1 Rb6 28.axb5 Rxb5 
29.Qh3 Qe7 30.Ke2 Rh8 31.Qg4 Rxh1 32.Rxh1 a4 33.bxa4 Rb2 34.Kd3 Qa7 35.Nc4
Rb3+ 36.Kc2 Rb8 37.a5 Qa6 38.Qd7+ Kg8 39.Qe6+ Qxe6 40.dxe6 Kf8 41.Rd1 Rb4 
42.Kc3 Ra4 43.Rd7 Bh6 44.e7+ 1-0

[Event "55th World U20 ch"]
[Site "Bhubaneswar IND"]
[Date "2016.08.08"]
[Round "1.26"]
[White "Thogersen, Rasmus"]
[Black "Bersamina, Paulo"]
[Result "1/2-1/2"]
[WhiteElo "2171"]
[BlackElo "2402"]
[EventDate "2016.08.08"]
[PlyCount "59"]

1.e4 c5 2.Nf3 Nc6 3.d4 cxd4 4.Nxd4 e5 5.Nb5 d6 6.N1c3 a6 7.Na3 Be6 8.Nc4 
b5 9.Ne3 Nf6 10.Ned5 Be7 11.Be3 O-O 12.Be2 b4 13.Nxf6+ Bxf6 14.Nd5 Bg5 15.
a3 Bxe3 16.Nxe3 Qb6 17.O-O bxa3 18.Rxa3 Qxb2 19.Rxa6 Rxa6 20.Bxa6 Nd4 21.
Qd3 Ra8 22.c3 Nb3 23.Qxd6 Qxc3 24.Bb7 Rf8 25.Bd5 Nd4 26.Kh1 Nb5 27.Qb6 Nd4
28.Qd6 Nb5 29.Qe7 Nd4 30.Qd6 1/2-1/2

[Event "55th World U20 ch"]
[Site "Bhubaneswar IND"]
[Date "2016.08.08"]
[Round "1.27"]
[White "Martins, David Pires Tavares"]
[Black "Rakesh, Kumar Jena"]
[Result "1/2-1/2"]
[WhiteElo "2402"]
[BlackElo "2161"]
[EventDate "2016.08.08"]
[PlyCount "160"]

1.Nf3 c5 2.c4 Nf6 3.g3 g6 4.Bg2 Bg7 5.d4 cxd4 6.Nxd4 O-O 7.O-O Nc6 8.Nc3 
Nxd4 9.Qxd4 d6 10.Qd2 Qc7 11.b3 Bd7 12.Bb2 Bc6 13.e4 a5 14.Rac1 Qb6 15.Ba3
Nd7 16.Rfd1 Ne5 17.Qe2 Rae8 18.c5 dxc5 19.Nd5 Bxd5 20.Bxc5 Bc4 21.Rxc4 Qa6
22.Rc2 Qxe2 23.Rxe2 Rd8 24.Red2 Rxd2 25.Rxd2 Rc8 26.Ba3 g5 27.h3 e6 28.Be7
Rc1+ 29.Kh2 h6 30.Bd8 Nc6 31.Bb6 Bc3 32.Rd7 Rc2 33.Rxb7 Bd4 34.a3 Rxf2 35.
b4 axb4 36.axb4 Rb2 37.Bxd4 Nxd4 38.g4 Nc2 39.Kg3 Rxb4 40.Rxb4 Nxb4 41.h4 
Kg7 42.hxg5 hxg5 43.Kf3 Kf6 44.Ke3 Nc2+ 45.Kd2 Nd4 46.Ke3 Ke5 47.Bf1 Nb3 
48.Bd3 Nc5 49.Bc2 f6 50.Bb1 Kd6 51.Kd4 Nd7 52.Bd3 Ne5 53.Be2 Nc6+ 54.Kd3 
Kc5 55.Kc3 Nd4 56.Bc4 Nb5+ 57.Kd3 e5 58.Bg8 Kb4 59.Be6 Nd4 60.Bf7 Nb3 61.
Bd5 Nc5+ 62.Kc2 Na4 63.Kd3 Nc3 64.Be6 Nb5 65.Bg8 Nc7 66.Bc4 Ne8 67.Bf7 Nd6
68.Bg8 Ka3 69.Bd5 Kb2 70.Kd2 Nb5 71.Bg8 Na3 72.Bh7 Nc4+ 73.Kd3 Nd6 74.Kd2 
Kb1 75.Bg6 Kb2 76.Bh7 Nc4+ 77.Kd3 Na3 78.Kd2 Nb1+ 79.Kd3 Na3 80.Kd2 Nc4+ 
1/2-1/2

[Event "55th World U20 ch"]
[Site "Bhubaneswar IND"]
[Date "2016.08.08"]
[Round "1.28"]
[White "Gandhi, Anish"]
[Black "Akash, Ganesan"]
[Result "1-0"]
[WhiteElo "2156"]
[BlackElo "2400"]
[EventDate "2016.08.08"]
[PlyCount "113"]

1.e4 g6 2.d4 Bg7 3.Nc3 c6 4.Nf3 d6 5.Be3 b5 6.Bd3 Nf6 7.Qd2 O-O 8.Bh6 Bg4 
9.Bxg7 Kxg7 10.e5 dxe5 11.dxe5 Nfd7 12.Qe3 Qb6 13.Nd4 b4 14.h3 Be6 15.Nce2
Nc5 16.h4 Nxd3+ 17.cxd3 c5 18.Nxe6+ Qxe6 19.h5 Nc6 20.hxg6 fxg6 21.Qh6+ 
Kf7 22.Qxh7+ Ke8 23.f4 Kd7 24.Qh3 Rh8 25.Qxe6+ Kxe6 26.Kf2 g5 27.g3 g4 28.
Ke3 Kd5 29.Rh4 Rxh4 30.gxh4 e6 31.Rh1 Ne7 32.Ng3 Rh8 33.h5 Rh6 34.Rh4 Nf5+
35.Nxf5 exf5 36.Rh1 a5 37.Kf2 Kd4 38.Ke2 c4 39.dxc4 Ke4 40.Re1 Rxh5 41.e6 
Rh8 42.Kf2+ Kxf4 43.e7 Re8 44.c5 g3+ 45.Kg2 Kg4 46.c6 f4 47.Re4 Kf5 48.Rc4
Rxe7 49.c7 Re2+ 50.Kf1 Re8 51.c8=Q+ Rxc8 52.Rxc8 f3 53.Rg8 Kf4 54.b3 g2+ 
55.Kf2 Ke4 56.Rg4+ Kd3 57.Kxf3 1-0